Flagi państw i państw nieuznawanych w 1918 roku - Statystyki

Ogólne statystyki
  • Ten quiz został rozwiązany 10 razy
  • Średni wynik to 28 z 114
Statystyki odpowiedzi
Obrazkowy Odpowiedź % Poprawnych
Polska
80%
Brazylia
60%
Argentyna
40%
Armenia
40%
Aussa
40%
Austro-Węgry
40%
Banat
40%
Belgia
40%
Boliwia
40%
Bułgaria
40%
Chile
40%
Dania
40%
Dominikana
40%
Ekwador
40%
Etiopia
40%
Finlandia
40%
Francja
40%
Grecja
40%
Gwatemala
40%
Hiszpania
40%
Holandia
40%
Honduras
40%
Kolumbia
40%
Kostaryka
40%
Królestwo Litwy
40%
Kuba
40%
Luksemburg
40%
Meksyk
40%
Mołdawia
40%
Monako
40%
Odessa
40%
Oman
40%
Panama
40%
Paragwaj
40%
Persja
40%
Radziecka Republika Litwy
40%
Republika Azerbejdżanu
40%
Republika Estonii
40%
Republika Rosyjska
40%
Rumunia
40%
Salwador
40%
Serbia
40%
Szwajcaria
40%
Szwecja
40%
Tybet
40%
Ukraina
40%
Węgry
40%
Wenezuela
40%
Włochy
40%
Zachodnia Ukraina
40%
Afganistan
20%
Ałasz Orda
20%
Albania
20%
Andora
20%
Araks
20%
Asir
20%
Australia
20%
Białoruś
20%
Cesarstwo Niemieckie
20%
Chiny
20%
Czarnogóra
20%
Czechosłowacja
20%
Don
20%
Donieck
20%
Gruzja
20%
Hidżaz
20%
Imperium Osmańskie
20%
Jabal Shammar
20%
Jemen
20%
Kanada
20%
Kaukaska Republika Demokratyczna
20%
Komańcza
20%
Królestwo Serbów, Chorwatów i Słoweńców
20%
Kurlandia i Semigalia
20%
Łemkowie
20%
Niemiecka Austria
20%
Nowa Fundlandia
20%
Nowa Zelandia
20%
Południowa Afryka
20%
Portugalia
20%
Radziecka Republika Azerbejdżanu
20%
Radziecka Republika Estonii
20%
Radziecka Republika Łotwy
20%
Republika Weimarska
20%
Rosja Sowiecka
20%
Słowacja
20%
Tarnobrzeg
20%
Zakaukazie
20%
Zakopane
20%
Ałtaj
0%
Bawaria
0%
Górny Asir
0%
Haiti
0%
Idel-Ural
0%
Japonia
0%
Karelia
0%
Krym
0%
Kubań
0%
Liberia
0%
Liechtenstein
0%
Łotewski Rząd
0%
Nadżd
0%
Nikaragua
0%
Norwegia
0%
Państwo Środkowokaspijskie
0%
Peru
0%
Republika Górska
0%
San Marino
0%
Stany Zjednoczone
0%
Syjam
0%
Trypolitania
0%
Turkiestan
0%
Urugwaj
0%
Wielka Brytania
0%
Nie znaleziono quizów pasujących do podanych kryteriów
Rozkład punktacji
Procent ludzi z każdym wynikiem
Percentyl według liczby udzielonych odpowiedzi
Twoja historia wyników
Nie rozwiązałeś tego quizu